000 00709nam a2200289Ia 4500
001 Para_9395
003 CHAP
008 220125s2006 xx 000 0 und d
010 _a208092
040 _cCHAP
082 _a589.2 D43
100 _aDeacon, J.W.
_931422
245 _aFungal biology /
_c by J.W. Deacon
250 _a4
260 _aMadison :
_b Blackwell Publishing
300 _a371 p.
503 _aI.235356 (ej.1)
650 _aHongos fitopatógenos
_956132
650 _aMicología
_975476
901 _a589.2 D43
902 _aM
905 _a0000002006 a 0000000000 00
910 _a2006
942 _cPARA
942 _cPARA
_d1
999 _c208092
_d208092